[Event "Braunfels SM 2025"]
[Site "?"]
[Date "2025.02.07"]
[Round "1"]
[Board "1"]
[White "Eckert, Michael"]
[Black "Diehl, Andreas"]
[Result "0-1"]
[WhiteElo "1633"]
[BlackElo "1948"]
[PlyCount "64"]
[GameId "523223222861"]
[SourceVersionDate "2025.02.08"]

{[%evp 17,64,51,56,42,31,27,11,10,12,-49,-5,-4,21,3,3,2,13,19,39,46,26,25,27,25,41,13,68,13,23,-7,48,-47,-38,-896,-158,-179,-170,-183,-187,-258,-255,-287,-279,-633,-530,-1042,-1033,-1314,-1336]} 1. c4 f5 2. Nf3 Nf6 3. g3 g6 4. Bg2 Bg7 5. Nc3 d6 6. d4 O-O 7. O-O Qe8 8. d5 a5 9. Rb1 Na6 10. a3 {A87: Holländische Verteidigung (Leningrader Variante).} Bd7 11. b4 axb4 12. axb4 {Die Stellung ist ausgeglichen.} c6 {[#]} 13. e4 $146 {[%eval -49,17]} (13. dxc6 bxc6 14. b5 Nc5 15. Nd4 Nfe4 16. Nxe4 fxe4 17. Be3 Ra2 18. Re1 Kh8 19. bxc6 Bxc6 20. Nxc6 Qxc6 {½-½ Bartell,T (2354)-Shamatava,A (2155) Continental op 51st Sturbridge 2021 (5)}) 13... fxe4 {[%eval -5,17]} (13... c5 $15 {[%eval -49,17]} 14. e5 Ng4) 14. Ng5 $11 {Weiß hat einen Bauern geopfert} Bf5 15. Ngxe4 cxd5 16. cxd5 (16. Nxf6+ Bxf6 17. Qxd5+ (17. Bxd5+ e6 $14) 17... e6 $15) 16... Rc8 17. Nxf6+ {[%mdl 64] [#] Verteidiger eliminieren} Bxf6 18. Ne4 Bg7 19. Bb2 Rc4 20. Bxg7 Kxg7 21. Re1 {[%cal Oe4d6] Und jetzt Sxd6! wäre schön.} ({Vergiftet wäre} 21. Qb3 $2 Rxe4 22. Bxe4 Bxe4 $17) (21. Qe2 $5 Qc8 22. b5 Bxe4 23. Bxe4 $14) 21... Qc8 {[%eval 68,19]} (21... Qf7 $11 {[%eval 13,17]}) 22. Qd2 {[%eval 13,18]} (22. Nd2 $14 {[%eval 68,19]} Rd4 23. Rxe7+ Kg8 24. Rc1) 22... Rc2 $1 23. Qf4 $132 {[%mdl 2048] Weiss hat Gegenspiel} Kg8 {[%eval 48,19]} (23... Bxe4 $1 $11 {[%eval -7,18]} 24. Qxe4 Rf7) 24. Rb3 {[%eval -47,20]} ({Besser ist} 24. Qh6 $1 $14 {[%eval 48,19]} Rf7 (24... Bxe4 $2 25. Bxe4 Rf7 26. Bxc2 $18) 25. Ng5) 24... Bxe4 $1 $15 25. Bxe4 $4 {[%eval -896,16][%mdl 8192] Ein Fehler, der zur Niederlage führt.} (25. Qxe4 $15 {[%eval -38,19]} Rfxf2 (25... Rcxf2 26. Bf3 $11) 26. Bf1) 25... Rxf2 $2 {[%eval -158,20]} (25... Rxf4 $19 {[%eval -896,16]} 26. gxf4 Rc1) 26. Qxf2 Rxf2 27. Kxf2 Nxb4 {[%mdl 64] ...Sc2 wäre nun fies. Verteidiger eliminieren, Hinlenkung} 28. Reb1 {[%eval -258,19]} (28. Rxb4 Qc5+ 29. Kg2 Qxb4 $19) (28. Rbe3 $142 {[%eval -187,18]}) 28... Qc5+ $19 29. Kg2 Nxd5 30. Kh3 $2 {[%eval -633,22]} (30. Bxd5+ Qxd5+ 31. Kg1 Qd4+ 32. Kg2 Qe4+ 33. Kg1 d5 34. Rxb7 d4 $15) (30. Rb5 {[%eval -279,19]} Ne3+ 31. Kh1) 30... Nc3 {Schwarz steht klar auf Gewinn.} 31. Re1 Nxe4 32. Rxe4 Qf5+ {Gewichteter Fehlerwert: Weiß=1.12/Schwarz=0.36  Verlustzug:     	Weiß=1     	---        Gewinn verpasst:   	---       	Schwarz=1     Fehler:       	Weiß=5     	Schwarz=3     Ungenau:       	Weiß=2     	---        OK:         	Weiß=3     	Schwarz=6     Bester:       	Weiß=1     	---        Stark:        	---       	Schwarz=2} 0-1

[Event "Braunfels SM 2025"]
[Site "?"]
[Date "2025.02.14"]
[Round "1"]
[Board "2"]
[White "Darsania, Badri"]
[Black "Stehning, Michel"]
[Result "1/2-1/2"]
[WhiteElo "1902"]
[BlackElo "1660"]
[PlyCount "40"]
[GameId "524620189246"]
[SourceVersionDate "2025.02.08"]

{[%evp 14,40,14,-9,-18,-21,-21,-18,-14,-62,-31,-42,-16,-48,-3,-29,45,30,34,-32,-25,-17,-14,-63,-75,-71,-71,-60,-61]} 1. e4 c6 2. d4 d5 3. exd5 cxd5 4. Nf3 Nc6 5. c3 Nf6 6. Bd3 Bg4 7. O-O e6 8. Re1 Bd6 {B13: Caro-Kann (Abtausch-Variante 4.c4).} 9. h3 Bh5 10. Nbd2 O-O {Die Stellung ist ausgeglichen.} 11. b3 {[%eval -62,17]} (11. Nb3 $11 {[%eval -14,17] war vorzuziehen.}) 11... Rc8 12. Bb2 a6 13. c4 $146 (13. a3 Qc7 14. Qc2 Bg6 15. Bxg6 hxg6 16. c4 dxc4 17. bxc4 Bf4 18. Ne5 Rfd8 19. Ndf3 {1-0 Berndt,J (2165)-Wichmann,C (2306) Canarias en Red prel 3rd Playchess.com INT blitz 2004 (5)}) 13... Re8 {[%eval -3,16]} (13... Bf4 $15 {[%eval -48,16]}) 14. a3 Bf8 {[%eval 45,18]} ({Günstiger ist} 14... Bf4 $11 {[%eval -29,16]}) 15. Qb1 Bg6 16. Ne5 {[%eval -32,20]} (16. c5 $14 {[%eval 34,18]}) 16... Bxd3 17. Qxd3 Nxe5 18. dxe5 {[%eval -63,20]} (18. Rxe5 $11 {[%eval -14,17]} b6 19. a4) 18... dxc4 $15 {[%csl Od3][%mdl 64] [#] Abzugsangriff} 19. Qxd8 Rexd8 20. Nxc4 Nd5 {Gewichteter Fehlerwert: Weiß=0.28 (präzise) /Schwarz=0.21 (präzise)   Fehler:       	Weiß=3     	Schwarz=2     Ungenau:       	Weiß=2     	Schwarz=2     OK:         	Weiß=4     	Schwarz=4     Bester:       	---       	Schwarz=1} 1/2-1/2

[Event "Braunfels SM 2025"]
[Site "?"]
[Date "2025.02.07"]
[Round "1"]
[Board "3"]
[White "Ewin, Hans-Peter"]
[Black "Stehning, Toni"]
[Result "1/2-1/2"]
[WhiteElo "1673"]
[BlackElo "1884"]
[PlyCount "48"]
[GameId "523223613078"]
[SourceVersionDate "2025.02.08"]

{[%evp 18,48,-4,-5,0,0,51,21,123,142,144,144,195,194,199,188,197,197,179,192,208,210,229,226,242,191,219,115,266,103,199,0,269]} 1. e4 e5 2. Nf3 Nc6 3. Bc4 Nf6 4. d4 exd4 5. e5 d5 6. Bb5 Ne4 7. Nxd4 Bc5 8. Be3 O-O 9. Bxc6 bxc6 10. O-O $1 Bxd4 {C56: Zweispringerspiel.} 11. Qxd4 Ba6 $146 {[%eval 51,19]} (11... f6 $11 {[%eval 0,19]}) (11... c5 12. Qd3 Bf5 13. Qe2 Re8 14. f3 Nf6 15. Bxc5 Nd7 16. Qf2 Rxe5 17. Nc3 Nxc5 18. Qxc5 Bxc2 {½-½ Kravtsiv,M (2598)-Dubov,D (2708) Airthings Masters Div 2 W Chess.com INT rapid 2023 (1.4)}) 12. Rd1 Bc4 {[%eval 123,19] [#]} (12... f6 $1 $11 {[%eval 21,19] hält das Gleichgewicht.}) 13. Nc3 $1 $16 Nxc3 (13... c5 $2 14. Qxc4 dxc4 15. Rxd8 (15. Nxe4 $2 Qb8 $19) 15... Rfxd8 16. Nxe4 $18) 14. Qxc3 {Schwarz muss nun b3 beachten.} Qc8 {[%eval 195,19] Schwarz hat schwache schwarze Felder} (14... Re8 $16 {[%eval 144,20]} 15. b3 Ba6) 15. b3 $18 Ba6 16. Qxc6 Bb7 17. Qc5 Re8 {[%cal Bf8e8,Be8e6,Be6g6][%mdl 32]} 18. f4 Re6 19. Rd2 Rg6 20. Rf1 Rc6 21. Qe7 (21. Qxd5 $6 Rxc2 22. Qd3 Rxd2 23. Qxd2 (23. Bxd2 $2 Ba6 $17 {[%mdl 64] Spiess}) 23... a5) 21... Re6 22. Qc5 {[%eval 115,18]} (22. Qb4 $18 {[%eval 219,19]}) 22... Rc6 $16 23. Qe7 {[%eval 103,18] [#]} ({Jedoch nicht} 23. Qxd5 $6 Rxc2 24. Qd3 Rxd2 25. Qxd2 (25. Bxd2 $2 {zu gefräßig.} Ba6 $19 {[%mdl 64] Spiess, Ablenkung}) 25... a5 $16) (23. Qd4 $18 {[%eval 266,18] bietet bessere Gewinnchancen.}) 23... Re6 24. Qc5 {[%eval 269,18]} (24. Qb4 $142 {[%eval 199,19]}) 24... Rc6 $1 {[%mdl 32768] Gewichteter Fehlerwert: Weiß=0.42/Schwarz=0.19 (sehr präzise)  Ein unerwartetes Ergebnis.  Gewinn verpasst:   	Weiß=1     	---        Fehler:       	Weiß=2     	Schwarz=3     Ungenau:       	Weiß=1     	---        OK:         	Weiß=6     	Schwarz=5     Bester:       	---       	Schwarz=2     Stark:        	---       	Schwarz=1} 1/2-1/2

[Event "Braunfels SM 2025"]
[Site "?"]
[Date "2025.02.07"]
[Round "1"]
[Board "5"]
[White "Hilgert, Felix"]
[Black "Kühn, Thomas"]
[Result "1-0"]
[WhiteElo "1840"]
[BlackElo "1590"]
[PlyCount "103"]
[GameId "523730135661"]
[SourceVersionDate "2025.02.08"]

{[%evp 17,103,-12,22,-6,0,-43,108,1,4,-19,-12,-37,-30,-27,-21,-35,-9,0,8,17,15,-3,30,27,31,17,50,14,19,0,33,15,40,15,97,130,146,180,180,176,146,233,246,118,198,150,192,165,253,178,289,264,616,439,632,430,1403,728,1283,800,747,490,1322,321,353,344,342,96,247,90,132,76,112,50,140,129,180,156,184,151,393,396,1238,402,2025,1884,29977,29977]} 1. e4 e5 2. Nf3 Nc6 3. Bc4 Bc5 4. c3 Nf6 5. d3 O-O 6. O-O d6 7. b4 Bb6 8. a4 a6 9. Be3 Bg4 10. Nbd2 {C54: Italienische Partie (Hauptvariante).} d5 {Droht stark ...Lxe3.} 11. exd5 {[%eval -43,18]} (11. Bxb6 $11 {[%eval 0,18]} cxb6 12. exd5 Nxd5 13. Ne4) 11... Bxe3 $2 {[%eval 108,16]} (11... Nxd5 $15 {[%eval -43,18] bleibt weiter vorne.} 12. Bxb6 Nxb6) 12. fxe3 {[%eval 1,17]} (12. dxc6 $16 {[%eval 108,16]} Bxd2 13. cxb7 Bxc3 14. bxa8=B (14. bxa8=Q Qxa8 15. Rb1 Bh5 $18) 14... Qxa8 15. Rb1) 12... Nxd5 $11 13. Bxd5 (13. Qe1 {wäre vielleicht verwirrender.} Nxc3 14. b5 Nb4 15. bxa6 Rxa6 16. Bxa6 Nc2 17. Qf2) 13... Qxd5 {[%emt 0:00:03]} 14. Qc2 Rad8 $146 ({Vorgänger:} 14... f5 15. e4 fxe4 16. Nxe4 Bxf3 17. Rxf3 Rxf3 18. gxf3 Rf8 19. Rf1 Ne7 20. Qe2 Nf5 {1-0 Deniz,E-Ozen,Z TUR-ch U07/12 Girls Antalya 2023 (5)}) 15. d4 exd4 16. exd4 Bf5 {Wehrt De4 ab} 17. Qb3 Ne7 18. c4 Qd6 19. b5 {Verhindert Sc6} axb5 20. axb5 Ra8 21. Rfe1 b6 22. Qe3 {[%eval 14,19]} (22. Ra6 $14 {[%eval 50,18] kam in Betracht.}) 22... Ng6 23. d5 Rxa1 24. Rxa1 {[%emt 0:00:02]} Qf6 25. Qd4 {Droht Dxf6.} Qxd4+ {[%eval 97,16]} (25... Qd6 $11 {[%eval 15,18] hält das Gleichgewicht.}) 26. Nxd4 $16 Bd3 27. Ra3 $1 Ne5 {[%cal Of7f6]} 28. Nc6 Nxc6 29. bxc6 $18 {[%mdl 4096] Endspiel KTL-KTS} Bf5 {[#]} 30. Ra7 {[%eval 118,19]} (30. Nf3 $1 $18 {[%eval 246,20][%cal Rf3d4] ist der präzise Gewinnweg.} Rc8 31. Nd4) 30... Rc8 $16 31. Kf2 {[%eval 150,20]} (31. Nb3 $18 {[%eval 198,24] Droht Sd4 und aus.} Bd3 32. Nd4 Bxc4 33. d6 cxd6 34. Nf5) 31... Kf8 {[%eval 192,21]} (31... g6 $16 {[%eval 150,20]} 32. Ke3 Re8+ 33. Kd4 Re7) 32. Ke3 $18 Ke7 {[%eval 253,19]} (32... g6 $142 {[%eval 165,21]} 33. Kd4 g5) 33. Nb3 Kd8 {[%eval 289,24]} (33... Re8 {[%eval 178,18]}) 34. Nd4 Bb1 {[%eval 616,19]} (34... g6 {[%eval 264,23]} 35. Nb5 h5) 35. Nb5 g6 {[%eval 632,22]} (35... Bf5 $142 {[%eval 439,22]} 36. Rb7 h5) 36. Kd4 f5 {[%eval 1403,20]} (36... Bf5 $142 {[%eval 430,23]} 37. Rb7 (37. c5 bxc5+ 38. Kxc5 Bd3 $16) 37... f6) 37. g3 g5 38. Ke5 Bd3 39. Kd4 Bf1 {[%eval 1322,19]} (39... Be4 $142 {[%eval 490,22]} 40. Ke5 Bd3) 40. Kc3 $2 {[%eval 321,23]} (40. d6 {[%eval 1322,19]} Bg2 41. d7 (41. Rxc7 Bxc6 42. Ke5 Bxb5 $16) (41. dxc7+ Ke7 $18) (41. Nxc7 Rxc7 42. Rxc7 f4 $18) 41... Bxc6 42. dxc8=Q+ (42. dxc8=B Bxb5 43. Bxf5 Bc6 $18) (42. dxc8=R+ Kxc8 43. Rxc7+ Kd8 $18) 42... Kxc8 43. Rxc7+ Kd8 44. Rxc6 f4 45. Ke5 (45. Rxb6 Ke7 $18)) 40... f4 41. gxf4 gxf4 42. Nd4 {[%eval 96,21] Pariert f3.} (42. d6 $18 {[%eval 342,21] jetzt d7 und aus.} Bh3 43. Kd4 (43. Rxc7 Rxc7 {[%mdl 64] Verteidiger eliminieren} 44. dxc7+ Kc8 $14) (43. Nxc7 f3 $18) (43. dxc7+ Ke7 $18)) 42... Bh3 {[%eval 247,21]} (42... Ke7 $16 {[%eval 96,21]} 43. Nb5 Kf6 44. Nxc7 f3) 43. Ra2 $2 {[%eval 90,20]} (43. Kd3 $18 {[%eval 247,21] und Weiss behält klar die Oberhand.}) 43... Ke7 $16 {[#]} 44. Rf2 $1 {Weiß steht aktiver.} Rf8 45. Kd3 {[%eval 50,19]} (45. Nb5 $16 {[%eval 112,18]} Kd8 46. Nd4) 45... Rf7 {[%eval 140,19]} (45... Bf5+ $1 $14 {[%eval 50,19]} 46. Nxf5+ Rxf5) 46. Ke4 {[%cal Od4b5]} Kd6 {[%eval 180,18]} (46... f3 $16 {[%eval 129,18]}) 47. Nb5+ Kc5 48. Rxf4 Rxf4+ {[%eval 393,18]} (48... Rg7 $16 {[%eval 151,18] war angesagt.}) 49. Kxf4 $18 Kxc4 $2 {[%eval 1238,22]} (49... Bf1 {[%eval 396,24]} 50. Nxc7 Bxc4) 50. Nxc7 Kc5 {[%eval 2025,20]} (50... Bg2 $142 {[%eval 402,18]} 51. Ke5 b5) 51. Ke5 Bg2 52. Ne6+ {Gewichteter Fehlerwert: Weiß=0.76/Schwarz=1.12  Verlustzug:     	---       	Schwarz=1     Gewinn verpasst:   	Weiß=1     	---        Fehler:       	Weiß=7     	Schwarz=13    Ungenau:       	---       	Schwarz=6     OK:         	Weiß=6     	Schwarz=9     Bester:       	Weiß=4     	Schwarz=4     Stark:        	Weiß=1     	---} 1-0

[Event "Braunfels SM 2025"]
[Site "?"]
[Date "2025.02.07"]
[Round "1"]
[Board "6"]
[White "Schneider, Christian"]
[Black "Stehning, Ralf"]
[Result "1-0"]
[WhiteElo "1579"]
[BlackElo "1828"]
[PlyCount "147"]
[GameId "523730849869"]
[SourceVersionDate "2025.02.08"]

{[%evp 9,147,-25,35,22,20,8,20,-65,19,-61,-1,-6,4,18,11,17,13,-24,-33,-41,-46,-56,-32,-43,-50,-82,-71,-128,-116,-132,-101,-129,-103,-346,-136,-123,-128,-146,-160,-175,-178,-173,-172,-342,-168,-172,-151,-163,-163,-213,-59,-127,-127,-122,-126,-126,-81,-81,-74,-96,-22,-21,0,-65,-70,-91,-81,-99,-8,-75,-58,-96,-48,-115,-44,-57,-49,-49,-50,-104,0,0,5,24,24,-12,-13,-31,-9,-32,0,0,3,0,1,0,158,179,205,205,533,637,831,819,657,686,802,754,804,813,808,749,779,754,794,793,874,874,882,882,946,946,2008,1293,1573,1333,1589,1233,1321,786,738,755,693,788,755,784,855,842,904,29979]} 1. e4 e5 2. Nc3 Nf6 3. f4 d5 4. fxe5 Nxe4 5. Nf3 c5 {[%eval 35,18]} (5... Be7 $11 {[%eval -25,17]}) 6. Bb5+ $1 $14 {C29: Wiener Partie.} Nc6 7. Nxd5 Qxd5 8. d3 $146 {[%eval -65,18] [#]} ({Weiss kommt nicht vorbei an} 8. Qe2 $1 $11 {[%eval 20,18]}) (8. Qe2 Bg4 9. d3 Bxf3 10. Qxf3 Qxe5 11. Bxc6+ bxc6 12. O-O O-O-O 13. Bf4 Qd4+ 14. Be3 {½-½ Pervai,L (1793)-Birovecz,B (1879) HUN-chT2 Erkel 1718 Hungary 2017 (8.10)}) 8... Bg4 {[%eval 19,17]} 9. dxe4 {[%eval -61,17]} (9. Qe2 $11 {[%eval 19,17]}) 9... Qxe4+ {[%eval -1,19]} (9... Qxd1+ $1 $15 {[%eval -61,17]} 10. Kxd1 O-O-O+ 11. Bd2 (11. Ke1 Bxf3 12. gxf3 Nd4 $17) 11... Nxe5) 10. Qe2 $132 {[%mdl 2048] Weiss leistet Widerstand} Bf5 (10... Qxe2+ {vereinfacht} 11. Kxe2 Bd7 12. Bc4 Be7) 11. Be3 {Sg5 ist jetzt zu beachten} Be7 {[%cal Oe8g8]} 12. O-O O-O 13. Bd3 {[%eval -24,19]} (13. Qf2 {[%eval 13,18] ist eher angebracht.} Qxc2 14. Qxc2 Bxc2 15. Bxc6 bxc6 16. Rfc1) 13... Qg4 $1 14. h3 Bxd3 15. cxd3 Qg6 16. Rad1 Rad8 17. a3 Rfe8 18. Bc1 {[%eval -128,19]} (18. Kh1 $142 {[%eval -71,17]}) 18... Rd5 $17 19. Qe4 Qe6 20. b4 Nxe5 21. Bb2 $2 {[%eval -346,16]} (21. Nxe5 $17 {[%eval -103,19]} Qxe5 (21... Rxe5 22. Qxb7 Qd5 23. Qxd5 $17) 22. Qxe5 Rxe5 23. d4 cxd4 24. Bb2) 21... Nxf3+ $2 {[%eval -136,15]} (21... Nxd3 $19 {[%eval -346,16] ist viel giftiger.} 22. Qxe6 fxe6) 22. Qxf3 f6 (22... cxb4 $2 23. Rde1 Bc5+ 24. d4 Qxe1 (24... Bxd4+ $2 25. Bxd4 Rd7 26. Rxe6 $18) 25. Qxf7+ Kh8 26. dxc5 $18) 23. Rfe1 Qf5 24. Qg3 cxb4 25. axb4 Qd7 {[%cal Oe8c8]} 26. Re4 $2 {[%eval -342,17]} (26. Bc3 {[%eval -172,16]}) 26... Bd6 {[%eval -168,17]} (26... Bc5+ $142 {[%eval -342,17]} 27. bxc5 Rxe4 {[%mdl 64] Fesselung} 28. Bxf6 Re8 (28... Rxc5 29. Bxg7 Qxg7 30. Qb8+ Qf8 31. Qg3+ Qg7 32. Qb8+ Qf8 33. Qg3+ Qg7 $16)) 27. Qe3 $19 Rxe4 28. Qxe4 Bc7 29. Rc1 {[%eval -213,19]} (29. d4 {[%eval -163,17] ist eine bessere Verteidigung.}) 29... Be5 $2 {[%eval -59,18]} (29... Rxd3 30. Qc4+ Kh8 31. Qxc7 $18) (29... Bb6+ $19 {[%eval -213,19]} 30. d4 Bxd4+ 31. Bxd4 Rxd4) 30. Bxe5 {[%eval -127,16]} (30. Rc8+ $1 $15 {[%eval -59,18]} Kf7 (30... Qxc8 31. Qxd5+ Kf8 32. Bxe5 $11) 31. Bxe5 Rxe5 32. Qc4+ Kg6 33. Rc7) 30... Rxe5 $15 {[%mdl 4096] Endspiel KDT-KDT. Schwarz hat einen Mehrbauern.} (30... fxe5 31. Rc8+ Kf7 32. Qc4 $14) 31. Qc4+ Kf8 32. Rc3 Qe8 {[%eval -81,18]} (32... a6 $142 {[%eval -126,17]} 33. d4 b5) 33. d4 $17 Re1+ 34. Kh2 Qe6 {[%eval -22,19]} (34... Re7 $17 {[%eval -96,17]} 35. d5 Qb8+ 36. Kg1 Qe5) 35. Qc5+ $11 Kf7 36. Qh5+ {[%eval -65,20]} (36. Qc7+ $1 $11 {[%eval 0,19]} Qe7 37. Qg3 (37. Qxe7+ $2 Rxe7 38. Ra3 b6 $19)) 36... Kg8 $15 37. Qc5 {Es drohte Dd6+} h6 (37... g5 38. Qc7 Qd5 39. Qc5 Qd8) 38. Qc7 Qe7 {[%eval -8,21]} (38... Qd5 $17 {[%eval -99,20]} 39. Qf4 Re4) 39. b5 {[%eval -75,19]} (39. Qb8+ $11 {[%eval -8,21] bleibt in der Remisbreite.} Kh7 40. Qg3) 39... Re6 (39... Qe4 {wäre vielleicht verwirrender.} 40. Qc4+ Kh7 41. Qd3 f5) 40. Qf4 {[%eval -96,18]} (40. Rc4 $15 {[%eval -58,18]}) 40... Qd6 {[%eval -48,23]} (40... Rd6 $17 {[%eval -96,18]} 41. Ra3 a6) 41. Kg3 {[%eval -115,16]} ({Günstiger ist} 41. Qxd6 $15 {[%eval -48,23]} Rxd6 42. Rc8+ Kh7 43. Rc7) 41... Qxf4+ {[%eval -44,13]} (41... Qd5 $17 {[%eval -115,16][%cal Oe6e4] Und jetzt ...Te4! wäre schön.} 42. Rc5 Qd7) 42. Kxf4 $17 {KT-KT. Schwarz hat einen Mehrbauern.} Kf7 43. d5 g5+ 44. Kf3 {[%eval -104,22] [#]} (44. Kg4 $15 {[%eval -50,22]} Re4+ 45. Kf3) 44... Rd6 {[%eval 0,22]} (44... Rb6 $1 $17 {[%eval -104,22]} 45. Rc7+ Ke8) 45. Rc7+ $11 Kg6 46. Ke4 Rb6 47. Rc5 {[%eval -12,19]} (47. Kd4 $142 {[%eval 24,21]} Rxb5 48. d6) 47... h5 48. Kd4 Kf5 49. g3 h4 50. g4+ Kf4 51. Rc3 a6 (51... Rxb5 $2 52. d6 Rb6 53. Kd5 Rb5+ 54. Rc5 $18) 52. bxa6 bxa6 {[%eval 158,21] [#]} (52... Rxa6 $11 {[%eval 0,22]} 53. Rb3 f5 54. gxf5 Ra4+ 55. Kd3 (55. Kc5 Ra5+ 56. Kd6 Kxf5 $14) 55... Kxf5) 53. Kc5 $1 $16 Rb5+ 54. Kc6 Ke5 {[%eval 533,19]} (54... f5 {[%eval 205,22] ist zäher.} 55. gxf5 Rb8) 55. d6 $18 {[%cal Bd5d6,Bd6d7][%mdl 32] Weiß steht klar auf Gewinn.} Rb1 56. Kc7 f5 57. gxf5 Rd1 58. d7 Kxf5 59. Rc4 (59. d8=B a5 $14) 59... g4 60. Rxg4 (60. d8=B g3 61. Bxh4 (61. Rxh4 $2 {geht unter.} g2 $19) 61... g2 $11) (60. hxg4+ Kg5 $11) 60... Rc1+ 61. Kd8 Kf6 62. Rxh4 Kf7 63. Rh7+ Kg8 64. Re7 Kf8 65. Re6 {Beabsichtigt Tf6+ und Matt.} Rc3 66. h4 Rh3 67. Rh6 {[%cal Od8c7]} a5 68. Ra6 {Kc7 wäre nun fies.} Rxh4 69. Rxa5 Kf7 70. Rc5 Rh8+ 71. Kc7 Ke7 72. Re5+ Kf6 73. Re1 ({Lieber nicht} 73. d8=Q+ Rxd8 74. Kxd8 Kxe5 $11) 73... Rh7 74. Kc8 {Weiß hat die Chance genutzt.   Gewichteter Fehlerwert: Weiß=0.34/Schwarz=0.45  Verlustzug:     	Weiß=1     	---        Gewinn verpasst:   	---       	Schwarz=1     Fehler:       	Weiß=13    	Schwarz=12    Ungenau:       	Weiß=1     	Schwarz=2     OK:         	Weiß=12    	Schwarz=14    Bester:       	Weiß=1     	Schwarz=1     Stark:        	Weiß=1     	Schwarz=1} 1-0